000 00993nam a2200301 i 4500
001 000027488
003 DO-SdBNP
005 20240305073657.0
007 ta
008 110401s2001 dr 000 0 spa d
020 _z9993410047
040 _aDO-SdBNP
_bspa
_cBNPHU
_erda
049 _aBNPD
082 4 _bM516p
_222
100 1 _a Mejía-Ricart G., Tirso,
_d1936-2021
_q(Mejía-Ricart Guzmán)
_eautor
_91569
245 1 0 _aPsicología social, salud y comunidad /
_cTirso Mejía-Ricart.
264 _aSanto Domingo :
_bSecretaría de Estado de Salud Pública y Asistencia Social,
_c2001.
300 _a281 páginas ;
_c23 cm.
336 _2rdacontent
_atexto
_btxt
337 _2rdamedia
_asin mediación
_bn
338 _2rdacarrier
_avolumen
_bnc
490 _aBiblioteca de la salud mental
_v4
500 _aIncluye datos biográficos del autor en las solapas
504 _aBibliografía : p. 277-281
590 _aInventariado, 2023/BT
910 _aBtavárez
942 _2ddc
_cLBS1
999 _c26980
_d26980